00512nam a22001937a 450000500170000001000150001702000260003203500130005803700130007108200100008410000210009424500420011526000420015727000490019930000240024850000400027270000030031270000030031520100819113936.0 aENG-101032 c100.00a9788190792349 aEN-84565 bDBAD/PUB a635.8 aKumar, J. Suresh aEdible mushroom /cby J. Suresh Kumar aPadukkottaibMeerra Pathippagamc2008 a2470, South Main StreetbPadukkottaie622001 a128 p. b22cm (Pbk) aIncludes bibliographical references